| 000 | 01288nam a2200229Ia 4500 | ||
|---|---|---|---|
| 003 | Ost | ||
| 005 | 20260507074920.0 | ||
| 008 | 260507s9999||||xx |||||||||||||| ||und|| | ||
| 040 | _cfsecg | ||
| 041 | _aara | ||
| 082 | _a657.46 | ||
| 100 |
_aالرفاعي، خليل محمود _eمؤلف |
||
| 245 | 0 |
_aأساسيات المحاسبة المالية ج1 / _c خليل محمود الرفاعي |
|
| 260 |
_aعمان: _bمكتبة المجتمع العربي, _c2008 |
||
| 300 |
_a420 صفحة؛ _bإيضاحات ؛ _c25 سم |
||
| 504 | _aببليوغرافيا: ص.417 | ||
| 520 | _aالمفهوم المحاسبي، الفروض والمبادئ المحاسبية، النظام المحاسبي، المفاهيم المحاسبية، القيد المحاسبي، المعالجات المحاسبية للعمليات المالية، المعالجات المحاسبية لعمليات البضاعة، المعالجة المحاسبية للأوراق التجارية، ميزان المراجعة والأخطاء المحاسبية، القوائم المالية | ||
| 653 | _aالأوراق التجارية | ||
| 653 | _aالمحاسبة المالية | ||
| 700 |
_aابراهيم، ايهاب نظمي وآخرون _eمؤلف ثانوي |
||
| 942 | _cكتاب | ||
| 999 |
_c41794 _d41794 |
||